<?xml version="1.0" encoding="UTF-8"?>
<record
    xmlns:xsi="http://www.w3.org/2001/XMLSchema-instance"
    xsi:schemaLocation="http://www.loc.gov/MARC21/slim http://www.loc.gov/standards/marcxml/schema/MARC21slim.xsd"
    xmlns="http://www.loc.gov/MARC21/slim">

  <leader>00585nam a2200157   4500</leader>
  <controlfield tag="001">3342</controlfield>
  <controlfield tag="005">20181127171042.0</controlfield>
  <datafield tag="020" ind1="0" ind2="0">
    <subfield code="a">9789993677314</subfield>
  </datafield>
  <datafield tag="090" ind1="0" ind2="0">
    <subfield code="a">954.98092 K521e 2011</subfield>
  </datafield>
  <datafield tag="245" ind1="0" ind2="0">
    <subfield code="a">11-11-11, a tribute :</subfield>
    <subfield code="b">His Majesty the fourth Druk Gyalpo, Jigme Singye Wangchuck /</subfield>
    <subfield code="c">Tshering, Karma.</subfield>
    <subfield code="h"></subfield>
  </datafield>
  <datafield tag="246" ind1=" " ind2=" ">
    <subfield code="a">Eleven eleven eleven.</subfield>
    <subfield code="b"></subfield>
    <subfield code="f"></subfield>
    <subfield code="h"></subfield>
    <subfield code="i"></subfield>
    <subfield code="n"></subfield>
    <subfield code="p"></subfield>
  </datafield>
  <datafield tag="260" ind1="0" ind2="0">
    <subfield code="a">Thimphu :</subfield>
    <subfield code="b">MPC Publication,</subfield>
    <subfield code="c">2011.</subfield>
  </datafield>
  <datafield tag="300" ind1="0" ind2="0">
    <subfield code="a">180 p. : chiefly col. ill. ; 22 cm.</subfield>
  </datafield>
  <datafield tag="650" ind1="0" ind2="0">
    <subfield code="a">Bhutan --Kings and rulers --Pictorial works.</subfield>
    <subfield code="x"></subfield>
  </datafield>
  <datafield tag="650" ind1="0" ind2="0">
    <subfield code="a">Jigme Singye Wangchuck, King of Bhutan, 1955- --Pictorial works.</subfield>
    <subfield code="x"></subfield>
  </datafield>
  <datafield tag="999" ind1=" " ind2=" ">
    <subfield code="c">2703</subfield>
    <subfield code="d">2703</subfield>
  </datafield>
  <datafield tag="952" ind1=" " ind2=" ">
    <subfield code="0">0</subfield>
    <subfield code="1">0</subfield>
    <subfield code="2">ddc</subfield>
    <subfield code="4">0</subfield>
    <subfield code="7">0</subfield>
    <subfield code="8">REFERENCE</subfield>
    <subfield code="a">RTCLIB</subfield>
    <subfield code="b">RTCLIB</subfield>
    <subfield code="c">REFERENCE</subfield>
    <subfield code="d">2025-09-17</subfield>
    <subfield code="h"> </subfield>
    <subfield code="i">5818</subfield>
    <subfield code="l">0</subfield>
    <subfield code="o">954.98 TRI</subfield>
    <subfield code="p">30002021</subfield>
    <subfield code="r">2025-09-17 00:00:00</subfield>
    <subfield code="w">2018-11-27</subfield>
    <subfield code="y">REFERENCE</subfield>
  </datafield>
  <datafield tag="952" ind1=" " ind2=" ">
    <subfield code="0">0</subfield>
    <subfield code="1">0</subfield>
    <subfield code="2">ddc</subfield>
    <subfield code="4">0</subfield>
    <subfield code="7">0</subfield>
    <subfield code="8">MAIN</subfield>
    <subfield code="a">RTCLIB</subfield>
    <subfield code="b">RTCLIB</subfield>
    <subfield code="c">MAIN</subfield>
    <subfield code="d">2024-08-23</subfield>
    <subfield code="e">Donation</subfield>
    <subfield code="h">18731</subfield>
    <subfield code="l">0</subfield>
    <subfield code="o">954.98 TRI</subfield>
    <subfield code="p">30019908</subfield>
    <subfield code="r">2024-08-23 00:00:00</subfield>
    <subfield code="w">2024-08-23</subfield>
    <subfield code="y">MAIN</subfield>
    <subfield code="z">Donated by Dasho Singye Yonten</subfield>
  </datafield>
</record>
